Star Wars Movies - Han Solo - Statistics

General Stats
  • This quiz has been taken 22 times
  • The average score is 6 of 6
Answer Stats
Release Movie % Correct
1977 A New Hope
100%
1983 Return of the Jedi
100%
2018 Solo: A Star Wars Story
100%
1980 The Empire Strikes Back
100%
2019 The Rise of Skywalker
89%
2015 The Force Awakens
83%
No matching quizzes found
Score Distribution
Percent of People with Each Score
Percentile by Number Answered
Your Score History
You have not taken this quiz